<?xml version="1.0" encoding="UTF-8"?><?xml-stylesheet type="text/xsl" href="static/style.xsl"?><OAI-PMH xmlns="http://www.openarchives.org/OAI/2.0/" xmlns:xsi="http://www.w3.org/2001/XMLSchema-instance" xsi:schemaLocation="http://www.openarchives.org/OAI/2.0/ http://www.openarchives.org/OAI/2.0/OAI-PMH.xsd"><responseDate>2026-04-17T16:07:21Z</responseDate><request verb="GetRecord" identifier="oai:www.recercat.cat:2445/223106" metadataPrefix="marc">https://recercat.cat/oai/request</request><GetRecord><record><header><identifier>oai:recercat.cat:2445/223106</identifier><datestamp>2025-12-05T01:37:36Z</datestamp><setSpec>com_2072_1057</setSpec><setSpec>col_2072_478917</setSpec><setSpec>col_2072_478927</setSpec></header><metadata><record xmlns="http://www.loc.gov/MARC21/slim" xmlns:dcterms="http://purl.org/dc/terms/" xmlns:xsi="http://www.w3.org/2001/XMLSchema-instance" xmlns:doc="http://www.lyncode.com/xoai" xsi:schemaLocation="http://www.loc.gov/MARC21/slim http://www.loc.gov/standards/marcxml/schema/MARC21slim.xsd">
   <leader>00925njm 22002777a 4500</leader>
   <datafield ind2=" " ind1=" " tag="042">
      <subfield code="a">dc</subfield>
   </datafield>
   <datafield ind2=" " ind1=" " tag="720">
      <subfield code="a">Alahmari, Ahmad</subfield>
      <subfield code="e">author</subfield>
   </datafield>
   <datafield ind2=" " ind1=" " tag="720">
      <subfield code="a">Barbosa de Figueiredo, Rui Pedro</subfield>
      <subfield code="e">author</subfield>
   </datafield>
   <datafield ind2=" " ind1=" " tag="720">
      <subfield code="a">García-García, Marta</subfield>
      <subfield code="e">author</subfield>
   </datafield>
   <datafield ind2=" " ind1=" " tag="720">
      <subfield code="a">Mir-Marí, Javier</subfield>
      <subfield code="e">author</subfield>
   </datafield>
   <datafield ind2=" " ind1=" " tag="720">
      <subfield code="a">Valmaseda Castellón, Eduardo</subfield>
      <subfield code="e">author</subfield>
   </datafield>
   <datafield ind2=" " ind1=" " tag="720">
      <subfield code="a">Sánchez Torres, Alba</subfield>
      <subfield code="e">author</subfield>
   </datafield>
   <datafield ind2=" " ind1=" " tag="260">
      <subfield code="c">2025-09-10T16:09:08Z</subfield>
   </datafield>
   <datafield ind2=" " ind1=" " tag="260">
      <subfield code="c">2025-09-10T16:09:08Z</subfield>
   </datafield>
   <datafield ind2=" " ind1=" " tag="260">
      <subfield code="c">2025-08-16</subfield>
   </datafield>
   <datafield ind2=" " ind1=" " tag="260">
      <subfield code="c">2025-09-10T16:09:08Z</subfield>
   </datafield>
   <datafield ind2=" " ind1=" " tag="520">
      <subfield code="a">Backgroun: Peri-implant diseases are common complications that may lead to dental implant failure. An adequate prosthesis design is crucial to reduce the risk of complications, and to improve peri-implant health. The present study was carried out to assess the effect of prosthesis design upon the presence of peri-implant inflammation. Material and methods: A cross-sectional study was conducted in patients with a single-unit implant-supported screw-retained crown. After removing the crowns, standardized photographs were made to assess several variables such as the length of the submucosal extension (SE) or the emergence angle (EA). Clinical signs of inflammation were also registered, and an experienced clinician probed the implants. The White (WES) and Pink Esthetic Scores (PES) were also recorded. Patients were classified into two groups according to the presence (positive bleeding on probing (BoP+)) or absence (negative bleeding on probing (BoP-)) of inflammation around the dental implant. Independent t-tests and one-way ANOVA were used to analyze the data. Results: A total of 90 implants were analyzed. Fifty-two implants (57.8%) had BoP+ while 38 (42.2%) had no signs of inflammation of the peri-implant tissues (BoP-). Long SE was significantly associated with BoP+ sites. The EA did not seem to be related to the presence of inflammation (p=0.642). PES/WES showed a negative correlation with buccal EA (r=-0.227; p=0.032). Conclusions: Long submucosal extensions in single-unit implant-supported crowns seem to be associated with peri-implant tissues inflammation (BoP+). A higher emergence angle on the buccal aspect was associated with poor esthetic outcomes.</subfield>
   </datafield>
   <datafield tag="653" ind2=" " ind1=" ">
      <subfield code="a">Pròtesis dentals</subfield>
   </datafield>
   <datafield tag="653" ind2=" " ind1=" ">
      <subfield code="a">Implants dentals</subfield>
   </datafield>
   <datafield tag="653" ind2=" " ind1=" ">
      <subfield code="a">Inflamació</subfield>
   </datafield>
   <datafield tag="653" ind2=" " ind1=" ">
      <subfield code="a">Dental prosthesis</subfield>
   </datafield>
   <datafield tag="653" ind2=" " ind1=" ">
      <subfield code="a">Dental implants</subfield>
   </datafield>
   <datafield tag="653" ind2=" " ind1=" ">
      <subfield code="a">Inflammation</subfield>
   </datafield>
   <datafield ind2="0" ind1="0" tag="245">
      <subfield code="a">Influence of implant-supported prosthesis design on peri-implant health: a cross-sectional study.</subfield>
   </datafield>
</record></metadata></record></GetRecord></OAI-PMH>